<?xml version="1.0" encoding="UTF-8"?>
<record
    xmlns:xsi="http://www.w3.org/2001/XMLSchema-instance"
    xsi:schemaLocation="http://www.loc.gov/MARC21/slim http://www.loc.gov/standards/marcxml/schema/MARC21slim.xsd"
    xmlns="http://www.loc.gov/MARC21/slim">

  <leader>01681cam a2200493 a 4500</leader>
  <datafield tag="999" ind1=" " ind2=" ">
    <subfield code="c">23189</subfield>
    <subfield code="d">23189</subfield>
  </datafield>
  <controlfield tag="001">vtls001450985</controlfield>
  <controlfield tag="005">20220421130836.0</controlfield>
  <controlfield tag="008">160324s2002    xo agl grn    00000 slo  </controlfield>
  <datafield tag="020" ind1=" " ind2=" ">
    <subfield code="a">8088993458</subfield>
  </datafield>
  <datafield tag="035" ind1=" " ind2=" ">
    <subfield code="a">SNK000406280</subfield>
  </datafield>
  <datafield tag="040" ind1=" " ind2=" ">
    <subfield code="a">SNK</subfield>
    <subfield code="b">slo</subfield>
    <subfield code="c">SNK</subfield>
    <subfield code="e">AACR2</subfield>
  </datafield>
  <datafield tag="041" ind1="1" ind2=" ">
    <subfield code="a">slo</subfield>
    <subfield code="h">eng</subfield>
  </datafield>
  <datafield tag="044" ind1=" " ind2=" ">
    <subfield code="a">xo</subfield>
    <subfield code="c">SK</subfield>
  </datafield>
  <datafield tag="072" ind1=" " ind2="7">
    <subfield code="a">00</subfield>
    <subfield code="x">Veda. V&#x161;eobecnosti. Z&#xE1;klady vedy a kult&#xFA;ry. Vedeck&#xE1; pr&#xE1;ca</subfield>
    <subfield code="2">konspekt</subfield>
  </datafield>
  <datafield tag="080" ind1=" " ind2=" ">
    <subfield code="a">902</subfield>
    <subfield code="2">1997</subfield>
  </datafield>
  <datafield tag="080" ind1=" " ind2=" ">
    <subfield code="a">001.94</subfield>
    <subfield code="2">1997</subfield>
  </datafield>
  <datafield tag="080" ind1=" " ind2=" ">
    <subfield code="a">316.7+008</subfield>
    <subfield code="2">1997</subfield>
  </datafield>
  <datafield tag="080" ind1=" " ind2=" ">
    <subfield code="a">94</subfield>
    <subfield code="2">1997</subfield>
  </datafield>
  <datafield tag="080" ind1=" " ind2=" ">
    <subfield code="a">(0.062)</subfield>
    <subfield code="2">997</subfield>
  </datafield>
  <datafield tag="080" ind1=" " ind2=" ">
    <subfield code="a">2-236.5:556.166</subfield>
    <subfield code="2">2001</subfield>
  </datafield>
  <datafield tag="080" ind1=" " ind2=" ">
    <subfield code="a">001.94</subfield>
    <subfield code="2">2011</subfield>
  </datafield>
  <datafield tag="080" ind1=" " ind2=" ">
    <subfield code="a">902:904</subfield>
    <subfield code="2">2011</subfield>
  </datafield>
  <datafield tag="080" ind1=" " ind2=" ">
    <subfield code="a">(0.062)</subfield>
    <subfield code="2">2011</subfield>
  </datafield>
  <datafield tag="100" ind1="1" ind2=" ">
    <subfield code="a">Knight, Christopher,</subfield>
    <subfield code="d">1950-</subfield>
    <subfield code="4">aut</subfield>
    <subfield code="9">2839</subfield>
  </datafield>
  <datafield tag="240" ind1="1" ind2="0">
    <subfield code="a">Uriel's machine</subfield>
    <subfield code="l">Slovensky</subfield>
  </datafield>
  <datafield tag="245" ind1="1" ind2="0">
    <subfield code="a">Urielov stroj</subfield>
    <subfield code="b">prehistorick&#xE1; technol&#xF3;gia, ktor&#xE1; pre&#x17E;ila potopu</subfield>
    <subfield code="c">Christopher Knight, Robert Lomas ; [z anglick&#xE9;ho origin&#xE1;lu Uriel's machine prelo&#x17E;ili Ivona Kautmanov&#xE1; a Milan Thurzo]</subfield>
  </datafield>
  <datafield tag="250" ind1=" " ind2=" ">
    <subfield code="a">1. vyd.</subfield>
  </datafield>
  <datafield tag="260" ind1=" " ind2=" ">
    <subfield code="a">Bratislava</subfield>
    <subfield code="b">Remedium</subfield>
    <subfield code="c">2002</subfield>
  </datafield>
  <datafield tag="300" ind1=" " ind2=" ">
    <subfield code="a">414 str&#xE1;n, [31] str&#xE1;n obrazov&#xFD;ch pr&#xED;loh</subfield>
    <subfield code="b">ilustr&#xE1;cie, sch&#xE9;my, mapy</subfield>
    <subfield code="c">21 cm</subfield>
  </datafield>
  <datafield tag="650" ind1="0" ind2="7">
    <subfield code="a">prehistorick&#xE9; civiliz&#xE1;cie</subfield>
    <subfield code="2">SNKPH</subfield>
    <subfield code="9">2840</subfield>
  </datafield>
  <datafield tag="650" ind1="0" ind2="7">
    <subfield code="a">potopa sveta</subfield>
    <subfield code="2">SNKPH</subfield>
    <subfield code="9">2841</subfield>
  </datafield>
  <datafield tag="650" ind1="0" ind2="7">
    <subfield code="a">nevysvetlen&#xE9; javy</subfield>
    <subfield code="2">SNKPH</subfield>
    <subfield code="9">2842</subfield>
  </datafield>
  <datafield tag="650" ind1="0" ind2="7">
    <subfield code="a">archeologick&#xE9; n&#xE1;lezy</subfield>
    <subfield code="2">SNKPH</subfield>
    <subfield code="9">2843</subfield>
  </datafield>
  <datafield tag="650" ind1="0" ind2="7">
    <subfield code="a">civiliz&#xE1;cie</subfield>
    <subfield code="2">SNKPH</subfield>
    <subfield code="9">2844</subfield>
  </datafield>
  <datafield tag="655" ind1=" " ind2="7">
    <subfield code="a">popul&#xE1;rno-n&#xE1;u&#x10D;n&#xE9; publik&#xE1;cie</subfield>
    <subfield code="2">SNKPH</subfield>
    <subfield code="9">1486</subfield>
  </datafield>
  <datafield tag="700" ind1="1" ind2=" ">
    <subfield code="a">Lomas, Robert,</subfield>
    <subfield code="d">1947-</subfield>
    <subfield code="4">aut</subfield>
    <subfield code="9">2837</subfield>
  </datafield>
  <datafield tag="700" ind1="1" ind2=" ">
    <subfield code="a">Kautmanov&#xE1;, Ivona,</subfield>
    <subfield code="d">1961-</subfield>
    <subfield code="4">trl</subfield>
    <subfield code="9">2845</subfield>
  </datafield>
  <datafield tag="700" ind1="1" ind2=" ">
    <subfield code="a">Thurzo, Milan,</subfield>
    <subfield code="d">1942-</subfield>
    <subfield code="4">trl</subfield>
    <subfield code="9">2846</subfield>
  </datafield>
  <datafield tag="958" ind1=" " ind2=" ">
    <subfield code="a">NB</subfield>
  </datafield>
  <datafield tag="958" ind1=" " ind2=" ">
    <subfield code="a">OP</subfield>
  </datafield>
  <datafield tag="958" ind1=" " ind2=" ">
    <subfield code="a">NS</subfield>
  </datafield>
  <datafield tag="958" ind1=" " ind2=" ">
    <subfield code="a">GB</subfield>
  </datafield>
  <datafield tag="958" ind1=" " ind2=" ">
    <subfield code="a">TL</subfield>
  </datafield>
  <datafield tag="952" ind1=" " ind2=" ">
    <subfield code="0">0</subfield>
    <subfield code="1">0</subfield>
    <subfield code="2">udc</subfield>
    <subfield code="4">0</subfield>
    <subfield code="7">0</subfield>
    <subfield code="8">D</subfield>
    <subfield code="a">10000</subfield>
    <subfield code="b">10000</subfield>
    <subfield code="d">2022-04-21</subfield>
    <subfield code="i">21536</subfield>
    <subfield code="l">2</subfield>
    <subfield code="o">S1509</subfield>
    <subfield code="p">S1509</subfield>
    <subfield code="r">2022-12-21</subfield>
    <subfield code="s">2022-11-18</subfield>
    <subfield code="w">2022-04-21</subfield>
    <subfield code="y">OLDO</subfield>
  </datafield>
</record>
